[Event "Beijing FIDE GP"]
[Site "Beijing"]
[Date "2013.07.10"]
[Round "6"]
[White "Karjakin, Sergey"]
[Black "Mamedyarov, Shakhriyar"]
[Result "0-1"]
[WhiteElo "2776"]
[BlackElo "2761"]
[Annotator "Pavlovic,M"]
[PlyCount "190"]
[EventDate "2013.07.04"]
[EventType "tourn"]
[EventRounds "11"]
[EventCountry "CHN"]
[EventCategory "21"]
[SourceTitle "CBM 156"]
[Source "ChessBase"]
[SourceDate "2013.09.17"]
[SourceVersion "1"]
[SourceVersionDate "2013.09.17"]
[SourceQuality "1"]

1. e4 e5 2. Nf3 Nf6 3. Nxe5 d6 4. Nf3 Nxe4 5. Nc3 Nxc3 6. dxc3 {A very popular
line against the Petroff. It gives White certain prospects of gaining the
initiative.} Be7 7. Be3 Nc6 8. Qd2 Be6 9. O-O-O Qd7 10. Kb1 h6 $5 {A rare
approach at this point, but the game will soon join usual pathways. It seems
that Mamedyarov wants to avoid some Ng5 or Bg5 ideas, which do occur in this
line often.} (10... Bf6 11. Bg5 (11. h4 h6 12. Nd4 Nxd4 13. Bxd4 Bxd4 14. Qxd4
O-O 15. Rg1 Qc6 $1 16. Be2 Qc5 $11 {1/2-1/2 (21) Rasmussen,E (2346)-Blitsko,B 
(2377) ICCF 2012}) 11... Bxg5 (11... Qe7 12. Bb5 a6 13. Bxc6+ bxc6 14. Qf4 Bxg5
15. Nxg5 O-O 16. Rde1 Qd7 17. f3 h6 18. Nxe6 fxe6 19. Qg4 Rf5 20. Re2 e5 21.
Rd1 Qf7 22. Qb4 Qd7 23. Qa4 Kh8 24. c4 $14 {1-0 (47) Topalov,V (2770)-Giri,A 
(2714) Wijk aan Zee NED 2012. Due to the weaker structure Black is forced to
stay a bit passive.}) 12. Nxg5 O-O-O 13. Bb5 a6 14. Ba4 ({The alternative
offers nothing to White:} 14. Bxc6 Qxc6 15. Nxe6 fxe6 16. f3 e5 17. Rhe1 Rdf8
18. Re4 Rf6 $11 {1/2-1/2 (22) Bobras,P (2560)-Fridman,D (2670) Baden Baden GER
2012}) 14... Rde8 15. Rhe1 h6 16. Nxe6 Rxe6 17. Rxe6 fxe6 18. c4 $14 {It looks
a bit unpleasant for Black at the moment.} Rf8 19. Qe3 Qf7 20. f3 Qg6 21. c5 $1
(21. a3 Rf6 (21... Nb8 $5) 22. c5 d5 23. Bxc6 bxc6 24. Qe2 Kd7 25. Rd4 $16 {
1/2-1/2 (39) Yu Yangyi (2615)-Wang Yue (2702) Xinghua CHN 2012}) 21... d5 22.
Bxc6 bxc6 23. Qe2 Kd7 24. Rd4 $14 {this is possible to play for a win with
White.}) (10... a6 11. h4 (11. Ng5 Bf5 12. h3 O-O 13. Be2 Ne5 14. Nf3 Nxf3 15.
Bxf3 c6 16. g4 Be6 17. Bg2 Rfe8 18. Bf4 Rad8 19. Qe3 b5 20. Qb6 d5 21. Rd2 {
1/2-1/2 (21) Nepomniachtchi,I (2706)-Alekseev,E (2691) Irkutsk RUS 2010. Black
is definitely not worse, the position is unclear.}) (11. h3 O-O-O 12. Nd4 Nxd4
13. Bxd4 Rhg8 14. c4 c5 15. Bc3 Qc6 16. Qe1 (16. Qe3 g6 17. Rg1 {The idea is
Be2-f3 and the play revolves around that: can Black prevent that or not?} d5
18. cxd5 Rxd5 19. Rxd5 (19. Re1 $5 c4 20. Be2 Bc5 21. Qg3 Qb6 22. Rgf1 Rgd8 23.
Bg4 f5 24. Bf3 R5d7 $13) 19... Qxd5 20. b3 Rd8 21. Bd3 (21. Be2 Qc6 22. Bf3 Qb6
23. Re1 Rd7 24. Bg4 Bxg4 25. hxg4 Qc6 26. f3 c4 $13) 21... Qc6 22. Be4 Qc7 23.
Re1 Kb8 24. Bf3 Rd7 25. Bg4 Bxg4 26. hxg4 {White has some pressure here no
doubts about that, but Black managed to neutralise the white initiative} Qc6
27. f3 Bd8 28. Qe5+ Ka7 29. Qh8 c4 30. Kb2 cxb3 31. axb3 Be7 32. Re4 b5 33. Be5
a5 34. Rd4 Kb7 35. Qe8 Rxd4 36. Qb8+ Ka6 37. Bxd4 Bc5 38. Bxc5 Qxc5 39. Qa8+
Kb6 {1/2-1/2 (39) Volkov,A (2284)-Yartsev,V (2325) ICCF 2012}) 16... g6 17. Rg1
d5 18. cxd5 Rxd5 19. Rxd5 Qxd5 20. b3 Qd6 21. Qe3 (21. Be2 $5 Bd5 22. Be5 Qc6
$13) 21... Qh2 22. f3 Qc7 23. Be2 Bd6 $11 {1/2-1/2 (37) Voss,M (2665)-Velilla
Velasco,F (2566) ICCF 2010}) 11... h6 12. Be2 {this looks to me like the most
promising idea for White:} (12. Nd4 Nxd4 13. Bxd4 Rg8 14. c4 c5 $5 {a highly
interesting approach} 15. Bc3 (15. Be3 O-O-O 16. g3 d5 17. cxd5 Qxd5 18. Qxd5
Bxd5 19. Bh3+ Kc7 20. Rhe1 Rge8 21. Bf4+ Kc6 22. Rxd5 $5 {interesting but
still not enough for an advantage} Kxd5 23. Bg2+ Kc4 24. Bf1+ Kd5 25. Bg2+ Kc4
26. Bxb7 Kb5 27. Bc7 Bf6 $11 {1/2-1/2 (46) Jones,G (2596)-Laxman,R (2446)
Ekurhuleni RSA 2011}) 15... b5 16. Qe3 (16. b3 $5 {not an easy move for
tournament chess} bxc4 17. Bxc4 Bxc4 18. bxc4 O-O-O 19. Ka1 Qc6 20. f3 Kb7 21.
Qd3 $14) 16... bxc4 (16... b4 17. Be5 $1) 17. Qf4 (17. Be2 O-O-O 18. f4 g6 19.
h5 d5 20. Ba5 d4 21. Qf3 $13) 17... Qb5 18. Qe4 d5 19. Rxd5 Bxd5 20. Qxd5 Rd8
21. Qh5 Bf6 22. Bxf6 gxf6 23. b3 Rd4 24. Bxc4 Rxc4 25. Re1+ Kf8 26. Qxh6+ Rg7 {
1/2-1/2 (26) Pavlovic,M (2540)-Bogosavljevic,B (2531) Kragujevac SRB 2010})
12... O-O-O 13. h5 $5 Bf6 14. Nd4 Nxd4 15. Bxd4 Qe7 16. Rhe1 Kb8 17. f4 c5 18.
Bxf6 Qxf6 19. g4 $14 {1/2-1/2 (31) Delgado Ramirez,N (2619)-Pierrot,F (2439)
Buenos Aires ARG 2010. Although Black managed to make a draw, to me this looks
like a chance for trying to get an advantage for White.}) (10... O-O-O 11. Nd4
$1 a6 12. Nxe6 fxe6 13. g3 {very logical play by White} Bf6 14. c4 d5 15. Bg2
d4 16. Qe2 Kb8 17. a3 e5 18. h4 Rhf8 19. Bd2 Be7 20. Rhf1 d3 21. Qe4 dxc2+ 22.
Qxc2 Qg4 23. Bxc6 bxc6 24. Be3 g6 25. Rde1 $14 {1-0 (118) Olofson,D (2542)
-Stephan,P (2554) ICCF 2009}) 11. h3 a6 12. g4 (12. Be2 Bf6 13. Rhe1 O-O-O 14.
Nd4 Bxd4 15. Bxd4 f6 $1 {this type of position is known and Black has defended
such positions with very good results} (15... Rhg8 16. Be3 Kb8 17. f4 Rge8 18.
Bf3 f6 19. b3 Re7 20. Bf2 Rde8 21. g4 Bf7 22. Rxe7 Rxe7 23. Bg1 Bg6 24. Qg2 Qe8
25. f5 Bf7 26. Kb2 $11 {1-0 (42) Bajarani,U (2393)-Mirzoev,A (2563) Baku AZE
2011. The position is still in equlibrium.})) 12... h5 $5 {This is obviosly
Mamedyarov's intended improvement} (12... O-O-O 13. Bg2 $1 {White has managed
to get his bishops on the right squares} f5 (13... g5 14. Nd4 Nxd4 15. Qxd4 c5
16. Qd2 Bf6 17. f4 gxf4 18. Bxf4 Qa4 19. b3 Qa5 20. c4 Qxd2 21. Rxd2 Bg5 22.
Rf1 Bxf4 23. Rxf4 Rhg8 24. Rf6 Rg6 25. Rxg6 fxg6 26. Rf2 $16 {1-0 (58) Bologan,
V (2636)-Belov,V (2586) Sochi RUS 2007}) (13... Kb8 14. Nd4 Nxd4 15. Bxd4 Rhg8
16. f4 Qa4 17. b3 Qa5 18. f5 Bg5 19. Qd3 Bd7 20. Bd5 Bc6 21. Bxc6 bxc6 22. h4
$16 {1-0 (46) Havlikova,K (2285)-Srebrnic,A (2219) Porto Carras GRE 2011}) 14.
g5 Ne5 15. b3 Nxf3 16. Bxf3 f4 17. Bxf4 hxg5 18. Bxg5 Bxg5 19. Qxg5 Rxh3 20.
Rxh3 Bxh3 21. Re1 Rf8 22. Bh5 Rf5 23. Qh4 Re5 24. Rxe5 dxe5 25. Bg6 $14 {
1-0 (44) Bologan,V (2700)-Charbonneau,P (2509) Edmonton CAN 2005}) 13. gxh5 $6
{I really doubt that such a move is any good.} (13. Bg2 $5 hxg4 14. hxg4 O-O-O
15. Nd4 Rxh1 (15... Nxd4 16. Rxh8 Rxh8 17. Qxd4 c5 18. Qxg7 $16) (15... Ne5 16.
Nxe6 Qxe6 17. Bd5 $36) 16. Rxh1 Nxd4 17. Qxd4 c5 18. Qxg7 Qa4 19. b3 Qxg4 20.
Qxg4 Bxg4 21. Rh6 Be6 22. c4 Rg8 23. Bf3 b5 $132) 13... Rxh5 {Now the rook is
nicely placed on the fifth rank.} 14. Rg1 Bf6 15. Bg5 O-O-O 16. Bxf6 gxf6 17.
h4 Ne5 $1 18. Qe3 Kb8 19. b3 Bg4 $17 20. Be2 Bxf3 21. Bxf3 Rxh4 {Black has
collected a pawn and White is in a very difficuilt position; eventually he
didn't manage to save the game.} 22. Bg2 Qf5 23. Rd4 Rg4 24. Rxg4 Nxg4 25. Qd4
Qxf2 26. Qxf2 Nxf2 27. Rf1 Ng4 28. Bh3 Ne5 29. Rxf6 c6 30. Rf2 Rg8 31. c4 Rg3
32. Bf5 Kc7 33. Rh2 Rf3 34. Rh5 a5 35. Kb2 Rg3 36. Rh7 Kb6 37. Bc8 Rg8 38. Bf5
Kc5 39. Rh4 Rg2 40. Rf4 Rg3 41. Bc8 b6 42. a3 Rf3 43. Rxf3 Nxf3 44. Kc3 d5 45.
b4+ axb4+ 46. axb4+ Kd6 47. cxd5 cxd5 48. Kd3 Ne5+ 49. Ke3 Nc6 50. c3 Ke5 51.
Kd3 Ne7 52. Bb7 Nf5 53. Bc8 Nd6 54. Bg4 f5 55. Bf3 f4 56. Bh5 Nc4 57. Bf3 Ne3
58. Be2 Ng2 59. Bg4 Ne3 60. Be2 Nc4 61. Bf3 Nd6 62. Bh5 Ne4 63. c4 d4 64. Bf3
Ng5 65. Bg4 f3 66. c5 f2 67. Ke2 $2 {Mueller,Karsten: 'This blockade can be
broken.'} ({After} 67. Be2 $1 bxc5 68. bxc5 Ne6 69. Bf1 Nxc5+ (69... Nf4+ 70.
Kc4 Ke4 71. c6 d3 72. c7 d2 73. c8=Q d1=Q 74. Qb7+ Ke3 75. Qa7+ $11) 70. Ke2
Ne4 71. Bg2 {Black amazingly can not win according to the endgame tablebases.})
67... bxc5 $6 (67... Kf4 {is much easier from the practical point of view:} 68.
cxb6 (68. c6 d3+ 69. Kxf2 Ne4+ 70. Ke1 Kxg4 71. c7 Nd6 72. Kd2 Kf4 73. Kxd3 Ke5
$19) (68. Bd7 Kg3 69. Bc6 d3+ 70. Kf1 Nf3 71. Bxf3 Kxf3 72. cxb6 d2 73. b7
d1=Q#) 68... Kg3 69. b7 Kg2 70. b8=Q f1=Q+ 71. Kd2 Qb1 (71... Ne4+ 72. Kc2 Qc4+
73. Kb2 Qc3+ 74. Ka2 Qc2+ 75. Ka3 Nd2 $19 76. Bh3+ Kxh3 77. Qh8+ Kg2) 72. Qa8+
$6 Ne4+ 73. Ke2 $6 Qf1#) 68. bxc5 Kf4 69. c6 Kg3 (69... d3+ $2 70. Kxf2 Ne4+
71. Ke1 Kxg4 72. c7 $11) 70. c7 Kg2 (70... d3+ $2 71. Ke3 f1=Q 72. c8=Q $11)
71. c8=Q f1=Q+ 72. Kd2 Ne4+ 73. Kc2 d3+ 74. Kb2 $6 (74. Kb3 $1 {escapes the
direct mating attack. But Black wins in the long run after} Qb1+ 75. Ka3 Qa1+
76. Kb3 Nd2+ 77. Kb4 Qd4+ 78. Kb5 Ne4 $19 {due to his centralised pieces. Guy
Haworth confirms that the Lomonossov seven men endgame tablebases indeed give
a win for Black in 57 moves starting with 74...Qb1+.}) 74... Kg3 $2 {Mueller,
Karsten: 'Mamedyarov does not have time for this.} ({He should continue his
attack with'} 74... Qf2+ 75. Ka3 (75. Kb1 Qe1+ 76. Kb2 Qb4+ 77. Ka1 Qa3+ 78.
Kb1 Nd2#) (75. Kb3 Qb6+ 76. Kc4 Nd6+ $19) 75... Qa7+ 76. Kb4 Qb6+ 77. Ka3 Qa5+
$19 78. Kb3 Nd2+ 79. Kb2 Qb4+ 80. Kc1 Nb3+ 81. Kb2 Nc5+ 82. Ka2 Qa4+ 83. Kb2
Qc2+) 75. Qf5 $1 Qg2+ (75... Qxf5 76. Bxf5 d2 77. Kc2 $11) 76. Ka3 Qh1 77. Bd1
$1 Qxd1 78. Qxe4 Qe2 79. Qg6+ Kf2 80. Qf6+ Qf3 81. Qd4+ Ke2 82. Qe5+ Kf2 83.
Qd4+ Kf1 84. Qa1+ Kg2 85. Qg7+ Qg3 86. Qb7+ Kf2 87. Kb2 Ke2 88. Qe4+ Qe3 89.
Qg2+ Qf2 90. Qe4+ Kd2 91. Kb3 $2 {Mueller,Karsten: 'Karjakin, who has defended
well, now cracks under the pressure, as his king can be forced to leave the
drawing zone near the pawn.'} ({One way to draw is} 91. Qc4 Ke1+ (91... Qb6+
92. Ka2 Qa5+ (92... Ke3 93. Qc1+ Ke2 94. Qc4 $11) 93. Kb2 Qe5+ 94. Kb3 Qe3 95.
Qb4+ Ke2 96. Qc4 $11) 92. Kb1 d2 93. Qe4+ Qe2 94. Qh4+ Qf2 95. Qe4+ Kf1 96.
Qd3+ Qe2 97. Qh3+ Ke1 98. Qh4+ $11) 91... Qb6+ 92. Kc4 Qa6+ (92... Qc7+ $5 {
Mueller,Karsten: 'wins quicker.'} 93. Kb5 (93. Kb3 Qc3+ 94. Ka2 Qa5+ 95. Kb2
Qb5+ 96. Ka3 Kc3 $19) 93... Qc3 $19 {and Black's king is cut off in the losing
zone.}) 93. Kb3 $6 Qb5+ 94. Ka2 Kc3 95. Qe1+ Kc2 (95... Kc2 {Mueller,Karsten:
'and White resigned as he runs out of checks after'} 96. Qf2+ d2 $19) 0-1

[Event "EU-Cup 31st"]
[Site "Skopje"]
[Date "2015.10.22"]
[Round "5.4"]
[White "Adams, Michael"]
[Black "Li, Chao B"]
[Result "1-0"]
[WhiteElo "2742"]
[BlackElo "2750"]
[Annotator "Pavlovic,M"]
[PlyCount "123"]
[EventDate "2015.10.18"]
[EventType "team-swiss"]
[EventRounds "7"]
[EventCountry "MKD"]
[SourceTitle "CBM 169"]
[Source "ChessBase"]
[SourceDate "2015.11.10"]
[SourceVersion "1"]
[SourceVersionDate "2015.11.10"]
[SourceQuality "1"]
[WhiteTeam "Socar"]
[BlackTeam "Siberia"]
[WhiteTeamCountry "AZE"]
[BlackTeamCountry "RUS"]

1. e4 e5 2. Nf3 Nf6 3. Nxe5 d6 4. Nf3 Nxe4 5. Nc3 Nxc3 6. dxc3 Be7 7. Be3 Nc6
8. Bd3 $5 {An unusual idea in a well known position. The main move is of
course 8.Qd2, it seems that Adams is using less known positions to surprise
opponents} ({I will give one recent example of the main idea...} 8. Qd2 Be6 9.
O-O-O Qd7 10. b3 $5 Bf6 11. h3 h6 12. g4 O-O-O 13. Bg2 Kb8 14. Rde1 a6 15. Re2
d5 16. Nd4 Nxd4 17. Bxd4 Bxd4 18. Qxd4 g6 19. Rhe1 h5 20. f3 Qd6 21. Re5 hxg4
22. fxg4 c6 23. Kb1 Ka8 24. Bf1 Qb8 25. Qe3 $14 {1-0 (83) Dominguez Perez,L 
(2736)-Vazquez Igarza,R (2581) Linares 2015}) 8... Bf6 {Adams didn't manage to
find any advantage when he previously tried the same idea...} (8... Ne5 9. Nxe5
dxe5 10. Qf3 c6 11. Qg3 Bf6 12. O-O-O Be6 13. Rhe1 Qe7 14. a3 O-O 15. h4 Rfd8
16. Bg5 $14) (8... Be6 9. Qe2 Qd7 10. O-O-O O-O 11. Kb1 Rae8 12. h3 Bd8 13.
Rhe1 Bf5 14. Bxf5 Qxf5 15. g4 Qc8 16. Qc4 a6 17. Nd4 Nxd4 18. cxd4 c6 19. Bf4
d5 20. Qb4 Bh4 $11 {½-½ (34) Adams,M (2722)-Giri,A (2730) London 2012}) 9.
Qe2 Qe7 10. O-O-O Bd7 11. Rhe1 O-O-O 12. Qf1 {I think already here Black is
experiencing problems due to exposed queen on e7...} Be6 13. Bb5 Ne5 14. Bxa7
$1 {Getting this pawn is very important} Nxf3 15. gxf3 Be5 $1 {Black finds way
to create counterplay} (15... c6 16. Bd3 Be5 17. Re4 Qf6 18. Bb6 $16) 16. Re4
Qf6 17. Ra4 {It was better to defend the f3-pawn:} (17. Qe2 $1 Bxh2 18. Ra4 $36
{White preserves better chances but the position remains complicated.}) 17...
Qxf3 18. Be3 c5 $1 19. h4 Kc7 $13 {Now things are not clear at all: White's
initiative on the queenside has been repulsed, the rook on a4 is now bad, on
the other hand the centralised Black pieces are really strong.} 20. Be2 Qc6 21.
Bb5 Qf3 22. Be2 {Correctly assessing the position, Adams repeats moves but ...}
Qh3 {Black declines.} 23. Qg1 Qh2 24. Qxh2 Bxh2 {The queens are off a board
and we can say that Black is slightly better here.} 25. h5 $1 {Making space
for a rook...} Be5 26. Rh4 h6 27. Kd2 b6 (27... Bf6 28. Rh2 Ra8 29. a3 Rhe8 {
Preventing for a while a4 which is good for White to take some more space}) 28.
a4 $1 Bf6 29. Rh2 Rhe8 30. Rg1 Bd5 31. b3 Re5 32. c4 Bc6 33. Rh3 Kb7 34. Rhg3
d5 35. cxd5 Bxd5 36. Kc1 c4 $2 {An overambitious move, instead:} (36... Rde8 {
Around equal but more pleasant to play with Black}) 37. bxc4 Be6 38. c5 $1 {
Closing the fifth rank for Black's rook. Obviously Black missed following
tactical idea...} bxc5 39. f4 {Winning material.} Rxe3 (39... Rf5 40. Bg4 $16)
40. Rxe3 Bd4 41. Rd3 Bc4 42. Rxg7 $1 Bxd3 43. Rxf7+ Kb8 44. cxd3 Be3+ 45. Kc2
Rd4 46. f5 {With f and a passers White is obviously much better, close to
winning actually.} Rxa4 47. Bf3 Bg5 48. Bd5 Ra6 49. Be6 Rd6 50. Rg7 Bf4 51. Rg6
Kc7 52. f6 Rd8 53. f7 Rf8 54. Kc3 Kd6 55. Kc4 Be3 56. Bd5+ Kd7 57. Bc6+ Ke7 58.
Be8 Bd4 59. Kd5 Bf2 60. Re6+ Kd8 61. Kc6 Bd4 62. Bd7 1-0

[Event "Szeged m"]
[Site "Szeged"]
[Date "2015.08.18"]
[Round "4"]
[White "Leko, Peter"]
[Black "Li, Chao B"]
[Result "0-1"]
[WhiteElo "2714"]
[BlackElo "2748"]
[Annotator "Pavlovic,M"]
[PlyCount "92"]
[EventDate "2015.08.14"]
[EventType "match"]
[EventRounds "6"]
[EventCountry "HUN"]
[SourceTitle "CBM 168"]
[Source "ChessBase"]
[SourceDate "2015.09.14"]
[SourceVersion "1"]
[SourceVersionDate "2015.09.14"]
[SourceQuality "1"]

1. e4 e5 2. Nf3 Nf6 3. Nxe5 d6 4. Nf3 Nxe4 5. Nc3 {A highly popular line and
Leko plays it on a regular basis.} Nxc3 6. dxc3 Be7 7. Be3 Nc6 8. Qd2 Be6 9.
O-O-O Qd7 10. b3 $5 {The main move is 10.Kb1 played also by Leko many times
but it seems that this little move can be even better.} Bf6 (10... a6 11. h4 (
11. Ng5 $5 Bxg5 12. Bxg5 f6 13. Be3 O-O-O {with the difference that instead of
Kb1 White has b3 which is a small improvement.}) 11... Bg4 12. Be2 O-O-O 13.
Ng5 Bxe2 14. Qxe2 Bf6 15. Ne4 Qf5 16. Nxf6 gxf6 17. g4 Qe6 {1/2-1/2 (40) Antal,
T (2251)-Csonka,A (2409) Zalakaros 2011; with a defendable position for Black.}
) 11. h3 {Novelty.} (11. Bg5 Bxg5 12. Nxg5 O-O-O 13. Nxe6 Qxe6 14. Bc4 Qf6 {
1-0 (21) Dorst,J (2207)-Koronowski,H (1700) Vellmar 2015. Black is fine.})
11... h5 (11... O-O-O 12. Ng5 Bxg5 13. Bxg5 f6 14. Be3 a6 15. Be2 {with
similar play to what happens after 10..a6 11.Ng5!?}) 12. Bg5 Qe7 ({It was
better to go} 12... Bxg5 13. Qxg5 f6 14. Qf4 a6 15. Bd3 O-O-O 16. Rhe1 Kb8 17.
Be4 d5 18. Kb2 Qf7 19. Bf5 Bxf5 20. Qxf5 {White is slightly better.}) 13. Bb5
$1 {In the spirit of the position!} O-O-O 14. Bxc6 bxc6 15. Rhe1 {White has
the initative, and Leko has won the theoretical battle.} h4 $6 {Obviously
confronted with passive play Black seeks counterplay so trying to activate
with ...Rh5 makes perfect sense, the only problem is that White can simply put
pressure on the weak pawns.} 16. Re4 (16. Bxf6 Qxf6 17. Qd4 c5 (17... Bd5 18.
Qxa7 Bxf3 19. gxf3 Qxc3 20. Re7 $1 {wins for White}) 18. Qxf6 gxf6 19. Re4 Bd7
20. Rf4 {White is clearly better.}) 16... Rh5 17. Bxf6 Qxf6 18. Rf4 Rf5 (18...
Qh6 19. Ra4 Qxd2+ 20. Rxd2 Bd5 21. Rxa7 Bxf3 22. gxf3 Rg5 {is still a pawn
down but Black has chances to defend this rook endgame.}) 19. Rxf5 Bxf5 20. Qf4
g5 (20... g6 21. Kb2 Rh8 22. Re1 $1 {White has the better play, for instance}
c5 23. Ng5 Rh5 24. Re8+ Kb7 25. Ne4 {White wins.}) 21. Nxg5 Re8 22. Kb2 (22.
Nf3 Re4 23. Qg5 Qxg5+ 24. Nxg5 Re2 25. Rd2 Re1+ 26. Kb2 Rg1 27. f3 f6 28. Nf7
$5 Bg6 29. Nh6 f5 30. Re2 {White is better, although such an unusual knight
move as 28.Nf7 is not easy to make in a practical game, especially when there
are other good moves as well.}) 22... Qg6 23. Rd2 Bd7 {Obviously something
went badly for Black in the opening, a pawn down and an inferior position.} 24.
Qxh4 (24. f3 Qh6 25. Rd4 Rg8 {Black has got counterplay.}) 24... f6 25. Nf3
Qxg2 26. Qxf6 Qxh3 {The situation has cleared up and White is a clear pawn up,
but still there is a long way to the win.} 27. Rd3 ({A better try was} 27. Rd4
c5 28. Rh4 Qe6 29. Qxe6 Rxe6 30. Ng5 Re2 31. Rf4 Kd8 32. Ne4 Bc6 33. Ng3 Re8
34. c4 {and next the king goes to d2 and White has good chances in this
endgame.}) 27... Qg2 28. Qd4 Kb7 29. Nd2 {Leko struggled to find a good square
for his knight and that surprisingly put him in an unpleasant position.} c5 $1
30. Qf4 Re2 {It is not clear now how White can improve his position in order
to get an initiative.} 31. f3 {An ambitious move, still trying to win the game,
probably it was the last moment to take a draw.} (31. Nc4 Rxf2 32. Rd2 Rxf4 33.
Rxg2 {just a draw.}) 31... Bb5 $1 32. c4 Be8 {The situation has changed now
and the pressure on the second rank combined with a potential ...Bg6 makes
White's position worse.} 33. Ka3 $2 {Already in an unpleasant situation White
makes a blunder.} Bc6 $6 (33... Bg6 $1 {turnes the tables at once! From a pawn
down and worse position Black is now simply winning.} 34. Rd5 Qh1 $1 35. Qf6
Rxd2 $1 {wins.}) 34. Kb2 Qg7+ 35. Rc3 a5 36. Nb1 Qh8 37. a4 Be8 38. Na3 Kb6 39.
Qg5 Bc6 40. Qf4 Rf2 $1 {White is lost.} 41. Qc1 Rxf3 42. Nb1 Qf6 43. Qd2 Rh3
44. Qe2 Rh1 45. Nd2 Qd4 46. Qe3 Qg4 0-1

[Event "Kharkov Rector Cup 3rd"]
[Site "Kharkov"]
[Date "2001.04.25"]
[Round "10"]
[White "Ponomariov, Ruslan"]
[Black "Turov, Maxim"]
[Result "1-0"]
[WhiteElo "2673"]
[BlackElo "2553"]
[Annotator "Ponomariov,R"]
[PlyCount "121"]
[EventDate "2001.04.18"]
[EventType "tourn"]
[EventRounds "10"]
[EventCountry "UKR"]
[EventCategory "13"]
[SourceTitle "CBM 083"]
[Source "ChessBase"]
[SourceDate "2001.07.05"]
[SourceVersion "1"]
[SourceVersionDate "2001.07.05"]
[SourceQuality "1"]

{[%mdl 4096]} 1. e4 e5 2. Nf3 Nf6 3. Nxe5 d6 4. Nf3 Nxe4 5. d4 d5 6. Bd3 Nc6 7.
O-O Bg4 8. c4 Nf6 9. Nc3 Bxf3 10. Qxf3 Nxd4 11. Qh3 dxc4 12. Bxc4 Be7 13. Bg5
Qc8 $1 (13... O-O 14. Rad1 c5 15. Rfe1 h6 16. Bxh6 gxh6 17. Qxh6 $36 {
Kupreichik-Yusupov, 1987}) 14. Qd3 Ne6 15. Bxe6 fxe6 16. Rfe1 (16. Qc4 $5 Qd7
17. Rad1 Qc6 18. Qxc6+ bxc6 19. Rfe1 Rd8 20. Rxd8+ Kxd8 21. Rxe6 Kd7 22. Re2
Rb8 $14) 16... Qd7 $1 (16... O-O 17. Qc4 $36) 17. Qc4 O-O-O 18. Rxe6 Nd5 19.
Bxe7 (19. Re5 Nb6 $1) 19... Qxe6 20. Bxd8 Rxd8 21. g3 $5 $146 (21. Rd1 Nf4 $5 (
21... c6 22. Nxd5 (22. g3 $142) 22... b5 $1 23. Qb4 Rxd5 24. Qf8+ Kb7 25. Qxg7+
Kb6 26. Rc1 Qe2 $44) 22. Rxd8+ Kxd8 23. Qd4+ Qd6 24. Qxg7 Ne2+ 25. Kf1 Nxc3 26.
Qxc3 Qxh2 $11) 21... c6 (21... Qf5 $5 22. Qc5 b6 23. Qb5 Kb7 24. Rd1 c6 25. Qc4
$14) 22. Rd1 g5 $1 (22... Rd7 $2 23. Nxd5 Rxd5 24. Rxd5 Qxd5 25. Qxd5 cxd5 26.
f4 Kd7 27. Kf2 Ke6 28. Ke3 Kf5 29. h3 $18) 23. h4 gxh4 24. Qxh4 h6 25. Kg2 $6 (
25. Qe4 $142 Qxe4 26. Nxe4 $14 {קh6}) 25... Ne3+ $2 (25... Rd7 $11 26. Qh3
$140 Qxh3+ 27. Kxh3 Nxc3 28. Rxd7 Kxd7 29. bxc3 c5 30. Kg4 b5 31. Kf5 a5) 26.
fxe3 Rxd1 27. Nxd1 Qd5+ 28. Kh2 Qxd1 29. Qxh6 Qc2+ 30. Kh3 Qxb2 31. Qe6+ Kc7
32. g4 $16 Qe2 33. e4 c5 34. e5 c4 35. Qd6+ Kc8 36. Kh4 Qd3 37. Qe6+ Kd8 38.
Qg8+ Ke7 39. Qg7+ Ke6 40. Qf6+ Kd5 41. Qd6+ Ke4 42. Qxd3+ Kxd3 43. e6 c3 44. e7
c2 45. e8=Q c1=Q 46. Qd7+ Ke2 47. g5 Qh1+ 48. Qh3 Qd5 49. Qg4+ Kf2 50. Qf4+ Ke1
51. g6 Qxa2 $6 52. g7 Qg8 53. Qf8 $1 $18 Qc4+ 54. Kg5 Qd5+ 55. Kf6 Qc6+ 56. Ke7
Qc7+ 57. Ke6 Qc6+ 58. Qd6 Qc4+ 59. Kd7 Qa4+ 60. Kd8 Qb3 61. Qf8 1-0